000 00669cam a22002413a 4500
001 13656
003 PGUSA
005 20140828083307.0
008 041006s2004||||xxu|||||s|||||000 | eng d
040 _aPGUSA
_beng
042 _adc
050 4 _aBF
100 1 _aAtkinson, William Walker,
_d1862-1932
245 1 2 _aA Series of Lessons in Raja Yoga
_h[electronic resource] /
_cWilliam Walker Atkinson
260 _bProject Gutenberg,
_c2004
506 _aPublic domain in the USA.
516 _aElectronic text
653 _aYoga
653 _aYoga, Raja
830 0 _aProject Gutenberg
_v13656
856 4 0 _uhttp://www.gutenberg.org/ebooks/13656
942 _cEB
999 _c242911
_d242911